SZA - Snooze (All Lyrics) - Statistics

General Stats
  • This quiz has been taken 328 times
  • The average score is 306 of 418
Answer Stats
Answer % Correct
I
100%
you,
97%
you
97%
You
97%
to
95%
Nah,
94%
nah,
94%
a
93%
I'm
93%
can
91%
no
91%
no,
91%
the
90%
do
89%
do,
89%
snooze
89%
moment?
88%
moment
88%
when
88%
with
87%
just
86%
Just
86%
miss
86%
nobody,
86%
Nobody
86%
and
84%
like
84%
Like
84%
important
83%
too
83%
can't
81%
How
81%
for
80%
lose
80%
that
78%
body
77%
your
73%
it
71%
three,
71%
I'll
70%
touch
70%
fire
68%
me,
68%
me
68%
on
67%
testify
67%
be
66%
times
66%
bitch
64%
four
64%
one
62%
one)
62%
got
60%
lie,
60%
ain't
59%
Ain't
59%
all
59%
as
59%
not
58%
Long
57%
Scarface
57%
(Scarface)
57%
again,
56%
In
56%
look
56%
main
56%
(main
56%
Main
56%
better
55%
problem
54%
truth,
54%
under
54%
hide
52%
'bout
51%
feel
51%
I'd
51%
my
51%
kill
49%
dreamin'
48%
now
46%
place
46%
right
46%
shit,
46%
Tell
46%
this
46%
told
46%
yeah,
46%
here
45%
here,
45%
take
45%
back
44%
bodies
44%
don't
44%
We
44%
day
42%
scared
42%
schemin',
41%
Sex
41%
up
40%
grab
39%
lootin',
39%
of
39%
smash
39%
around
38%
bob,
38%
what
38%
droptop
37%
Mobbin',
37%
was
37%
white
37%
argument
36%
home
36%
Let's
35%
juggin'
34%
magic,
34%
remind
34%
them
34%
cryin'?
33%
had
33%
out
32%
ride
32%
sayin'
32%
lyin'?
31%
whoa-oh
31%
whoa-oh,
31%
habits
29%
Nasty
29%
think
28%
grow
27%
frontin'
23%
hold
23%
tryin'?
23%
everything
22%
know,
22%
nonviolent
22%
blame
21%
Hard
20%
ridin'
18%
tryna
18%
leave
13%
See,
11%
threatenin'
11%
No matching quizzes found
Score Distribution
Percent of People with Each Score
Percentile by Number Answered
Your Score History
You have not taken this quiz